000 00789nam a22002297a 4500
003 0
005 20250130123737.0
008 250130b xxu||||| |||| 00| 0 eng d
050 _aTX 773
_b.V55 2023
100 _aVillanueva, James David A.
245 _aFun.dee.sal
_bfreshly bakes innovaive pandesal
_cJames David A. Villanueva
260 _aLas Pinas City
_bSouthville International School and Colleges
_c2023
300 _aunnumbered pages ;
_c28cm.
500 _aEntrepreneurship.
504 _aIncludes bibliographical references and appendices.
650 _aBaking—Business aspects.
650 _aPandesal—Baking.
650 _aBread—Innovations.
650 _aFood industry—Entrepreneurship.
650 _aSmall business—Food industry.
942 _2lcc
_cTH
999 _c367086
_d367086